00903cam a2200181 a 4500020001500000020002200015050002100037245032500058260003900383300002700422650003600449650004100485650003800526650003000564700001900594710004900613730005900662 a0876302797 a0876302932 (pbk.)10aRC455.2.C4bD75 00aDSM-III training guide for use with the American Psychiatric Association's Diagnostic and statistical manual of mental disorders (third edition) /ceditors, Linda J. Webb ... [et al.] (Office of Continuing Education, Texas Department of Mental Health and Mental Retardation, Texas Research Institute of Mental Sciences). aNew York :bBrunner/Mazel,cc1981. axvii, 158 p. ;c23 cm. 0aMental illnessxClassification. 0aPsychology, PathologicalxDiagnosis. 2aMental disordersxClassification. 2aPsychiatryxNomenclature.1 aWebb, Linda J.2 aTexas Research Institute of Mental Sciences.0 aDiagnostic and statistical manual of mental disorders.